Meilleurs sons de Zola - Statistiques

Statistiques générales
  • Ce quiz a été pris 2 430 fois
    964 depuis la dernière actualisation
  • Le résultat moyen est 9 sur 15
Statistiques - réponses
Rang Titres Streams % Correct
1 AMBER 113,4M
89%
2 Papers (ft. Ninho) 109,4M
83%
8 L1 L2 56,2M
70%
9 Madame 54,0M
64%
3 Wow 73,2M
63%
11 Astroboy 45,6M
57%
5 9113 (ft. SCH) 58,1M
56%
4 Temps en temps (ft. Koba LaD) 62,6M
56%
14 California Girl 38,9M
53%
10 COEUR DE ICE (ft. Damso) 46,9M
53%
7 TOUTE LA JOURNÉE (ft. Tiakola) 56,7M
52%
6 Ouais Ouais 58,0M
50%
15 Extasy 37,4M
48%
12 Bro Bro 39,2M
45%
13 Fuckboi 39,1M
40%
Aucun quiz correspondant
Distribution des résultats
% des personnes avec chaque résultat
Percentile par nombre de réponses
Votre historique - résultats
Vous n’avez pas pris ce quiz depuis la dernière actualisation